Books of the Bible - Sudden Death - Statistics

General Stats
  • This quiz has been taken 58,017 times
    47,400 since last reset
  • The average score is 17 of 27
Answers on the Grid
Answers color-coded by a green-red scale on the quiz's grid according to % correct below.
Abraham
Acts
Amos
Barnabas
Daniel
Deuteronomy
Ecclesiastes
Egypt
Exodus
Ezekiel
Ezra
Genesis
Habakkuk
Hebrews
Jericho
Job
John
Jonah
Joseph
Joshua
Judges
Lamentations
Leviticus
Life
Lucifer
Luke
Mark
Mary
Matthew
Numbers
Odes
Parables
Pharisees
Proverbs
Psalms
Revelation
Romans
Ruth
Samson
Ziggurat
 
Answer Stats
Answer % Correct
Exodus
87%
Genesis
85%
John
79%
Deuteronomy
77%
Matthew
77%
Luke
75%
Acts
74%
Psalms
73%
Leviticus
72%
Mark
71%
Proverbs
69%
Romans
68%
Job
67%
Revelation
67%
Numbers
66%
Ecclesiastes
65%
Ezekiel
65%
Hebrews
65%
Judges
59%
Daniel
54%
Lamentations
50%
Joshua
48%
Ruth
48%
Ezra
42%
Jonah
41%
Amos
39%
Habakkuk
36%
No matching quizzes found
Score Distribution
Percent of People with Each Score
Percentile by Number Answered
Your Score History
You have not taken this quiz since the last reset